000 01182nmc a2200409 a 4500
003 AR-BaBNM
005 20251128210803.0
008 141020s1970 ||||||||||||||000 | spa||
040 _cAR-BaBNM
245 1 0 _aLa educación de los alumnos excepcionales
260 _aBuenos Aires
_bLibrería del Colegio
_c1970
300 _a315 p.
490 0 _aBiblioteca nueva pedagogía
500 _aContiene referencias bibliográficas
650 4 _aEDUCACION ESPECIAL
650 4 _aNECESIDADES DEL ALUMNO
650 4 _aCARACTERISTICAS DEL ALUMNO
650 4 _aDESARROLLO DEL NINO
650 4 _aROL DEL DOCENTE
650 4 _aSALUD MENTAL
650 4 _aPAPEL DE LA FAMILIA
650 4 _aDELINCUENCIA JUVENIL
650 4 _aPROBLEMAS DISCIPLINARIOS
653 _aNINOS TALENTOSOS
653 _aDISCAPACITADOS
653 _aDISCAPACIDAD MENTAL
700 1 _aOjemann, Ralph H.
700 1 _aGallagher, James J.
700 1 _aPeck, Robert F.
700 1 _aMitchell, James V.
700 1 _aGodstein, Herbert
700 1 _aKvaraceus, William C.
700 1 _aNoar, Gertrude
800 1 _aManganiello, Ethel María
_edirector
942 _cBK
998 _cRAQUEL
999 _c16906
_d16906